History Quiz

Random History or Year Quiz

Before or After: Historical Events II Quiz Stats

 Plays Quiz Updated Sep 16, 2014

Challenge
Share
Tweet
Embed
Score 0/14 Timer 02:00
2 Plays Today
Event B or A? % Correct
First man climbs Mt. Everest???
93.2%
League of Nations formed???
87%
The Black Death plague starts, Europe???
78.6%
Slavery abolished in the U.S.???
77.2%
Bill Clinton impeached???
74.6%
Prophet Muhammad born???
69.8%
Turks capture Constantinople???
68%
Event B or A? % Correct
Gunpowder invented???
64.7%
Jamestown Settlement established???
62.7%
Construction on the Great Wall begins???
57.3%
Darwin’s first voyage began???
57.2%
Battle of Marathon in Greece???
54.7%
First Olympiad in Greece???
51.2%
Hundred Years War begins???
47.8%

You're not logged in!

Compare scores with friends on all Sporcle quizzes.
Join for Free
OR
Log In

You Might Also Like...

Show Comments

Extras

Top Quizzes Today


Score Distribution

Your Account Isn't Verified!

In order to create a playlist on Sporcle, you need to verify the email address you used during registration. Go to your Sporcle Settings to finish the process.

Report this User

Report this user for behavior that violates our Community Guidelines.

Details: